000
00285nam a2200121 a 4500
008
100917s1967|||| d
245
1
0
_a
Vlnenie jarà a umierania
100
1
_a
Desnica, Vladan
260
_a
Bratislava
_b
Tatran
_c
1967
044
_a
xo
_c
SK
041
_a
slo
020
_c
19
999
_c
10475
_d
10475